'S' Authors Quiz Stats

Quiz Updated Jan 10, 2016

Also try: 'D' Authors
Challenge
Share
Tweet
Embed
Score 0/30 Timer 07:00
6 Plays Today
Hint Answer % Correct
The Catcher in the Rye (1951), Franny and Zooey (1961)J.D. Salinger
91.6%
Twelfth Night (c. 1602), Macbeth (c. 1606)William Shakespeare
89.9%
Frankenstein (1818), Mathilda (1819)Mary Shelley
89.9%
The Grapes of Wrath (1939), East of Eden (1952)John Steinbeck
84.6%
Dracula (1897), The Lair of the White Worm (1911)Bram Stoker
84.2%
Treasure Island (1883), Kidnapped (1886)Robert Louis Stevenson
78.8%
Uncle Tom's Cabin (1852), Old Town Folks (1869)Harriet Beecher Stowe
72.9%
The Theory of Moral Sentiments (1759), The Wealth of Nations (1776)Adam Smith
64%
A Tale of a Tub (1704), Gulliver's Travels (1726)Jonathan Swift
63.3%
The Giving Tree (1964), Where the Sidewalk Ends (1974)Shel Silverstein
60.4%
Pygmalion (1912), Heartbreak House (1919)George Bernard Shaw
55.4%
The Jungle (1906), The Brass Check (1919)Upton Sinclair
53.2%
Cosmos (1980), Contact (1985)Carl Sagan
52.9%
Antigone (c. 441 BC), Oedipus the King (c. 429 BC)Sophocles
51.6%
Rob Roy (1817), Ivanhoe (1819)Sir Walter Scott
48.3%
Hint Answer % Correct
Where the Wild Things Are (1963), Outside Over There (1981)Maurice Sendak
45.1%
Black Beauty (1877)Anna Sewell
41.9%
Welcome to Dead House (1992), Tales to Give You Goosebumps (1994)R. L. Stine
40%
Nausea (1938), No Exit (1944)Jean-Paul Sartre
35.1%
Me Talk Pretty One Day (2000), When You Are Engulfed in Flames (2008)David Sedaris
32.5%
The Lovely Bones (2002), The Almost Moon (2007)Alice Sebold
30.4%
The Faerie Queene (1590), Prothalamion (1596)Edmund Spenser
30.1%
Wind, Sand, and Stars (1939), The Little Prince (1943)Antoine de Saint-Exupéry
27.1%
Sideways Stories from Wayside School (1979), Holes (1998)Louis Sachar
26.7%
The Gulag Archipelago (c. 1958-1968), The First Circle (1968)Aleksandr Solzhenitsyn
23.5%
Push (1996), The Kid (2011)Sapphire
21.2%
A Note on Vrony's Grave (1880), Heidi (1880)Johanna Spyri
19.9%
The Prime of Miss Jean Brodie (1961), The Mandelbaum Gate (1965)Muriel Spark
19.1%
I, the Jury (1947), Kiss Me, Deadly (1952)Mickey Spillane
13.7%
The Way We Live Now (1991), In America (1999)Susan Sontag
3.9%

You're not logged in!

Compare scores with friends on all Sporcle quizzes.
Join for Free
OR
Log In

You Might Also Like...

Show Comments

Extras

Top Quizzes Today


Score Distribution

Your Account Isn't Verified!

In order to create a playlist on Sporcle, you need to verify the email address you used during registration. Go to your Sporcle Settings to finish the process.

Report this User

Report this user for behavior that violates our Community Guidelines.

Details: